Football en 40 buts ou tacles filmés - Clic Quiz - Statistiques

Statistiques générales
  • Ce quiz a été pris 149 fois
  • Le résultat moyen est 29 sur 40
Statistiques - réponses
Hint Réponse % Correct
Payet
93%
Beckham
92%
Benzema
92%
Kompany
92%
Foden
90%
Valbuena
90%
Trezeguet
88%
Cavani
87%
Pogba
85%
Wiltord
85%
Chiesa
84%
Dybala
84%
Scholes
83%
Tévez
82%
De Boer
81%
Higuain
81%
Kluivert
81%
Campbell
80%
João Pinto
79%
Totti
77%
Vidić
76%
De Jong
75%
Gündoğan
75%
Keane
75%
Mahrez
75%
Mexes
74%
Giroud
72%
Roberto Carlos
69%
Di Meco
68%
Palmer
68%
Raul
67%
Barton
58%
Cuadrado
56%
Scholl
53%
Vinnie Jones
47%
Debuchy
43%
Arteta
42%
Cantona
42%
Borgetti
25%
Kasami
24%
Aucun quiz correspondant
Distribution des résultats
% des personnes avec chaque résultat
Percentile par nombre de réponses
Votre historique - résultats
Vous n’avez pas pris ce quiz